International economic papers. Translation prepared for the International Economic Association
Bewaard in:
| Hoofdauteurs: | , , , |
|---|---|
| Coauteur: | |
| Formaat: | Boek |
| Taal: | Engels |
| Gepubliceerd in: |
Londres
Macmillan and Company
1957
|
| Reeks: | 7
|
| Onderwerpen: | |
| Tags: |
Voeg label toe
Geen labels, Wees de eerste die dit record labelt!
|
MARC
| LEADER | 00000nam a2200000 a 4500 | ||
|---|---|---|---|
| 001 | UCR7714 | ||
| 003 | CL-VaPUC | ||
| 008 | 980519e19570000UK |||||||||||||||||eng|d | ||
| 082 | 0 | 4 | |a 337 |b PEA |2 21 |
| 100 | |a Peacock, Alan T. |e author |9 409111 | ||
| 700 | 0 | |a Turvey, Ralph |e author |9 409107 | |
| 700 | 0 | |a Stopler, Wolfgang F |e author |9 409108 | |
| 700 | |a Henderson, Elizabeth |e author |9 409115 | ||
| 110 | 2 | |a International Economic Association |e author |9 409110 | |
| 245 | 1 | 0 | |a International economic papers. Translation prepared for the International Economic Association |
| 300 | |a 184 p | ||
| 942 | |c BK | ||
| 945 | |d 19980519 00:00:00 |a crobeson | ||
| 260 | |a Londres |b Macmillan and Company |c 1957 | ||
| 650 | 0 | |a Economía |9 255568 | |
| 650 | 0 | |a Desarrollo económico y social |9 256320 | |
| 650 | 0 | |a Economía internacional |9 258254 | |
| 650 | 0 | |a Cooperación internacional |9 255447 | |
| 650 | 0 | |a Acuerdos económicos |9 348030 | |
| 583 | |a last modification |c 19980519 00:00:00 |k Rodrigo Vera | ||
| 490 | 0 | |a 7 | |
| 999 | |c 269300 |d 269298 | ||